000 00420pam a2200157a 44500
008 230515b2002 xxu||||| |||| 00| 0 eng d
020 _aNULL
041 _aENGL
082 _a306.72 DUR.
100 _a"DURGAPRASAD ,P."
245 _aSRI SATHYA SAI SAFE DRINKING WATER PROJECT ANANTAPUR - A CASE STUDY.
250 _a1
260 _aNEW DELHI
_bACADEMIC FOUNDATION NEW DELHI
_c2002
300 _a55
650 _aN.D.
999 _c540067
_d540067